| 000 | 00463nam a2200181Ia 4500 | ||
|---|---|---|---|
| 003 | GCL | ||
| 008 | 140319s9999 xx 000 0 ara d | ||
| 040 |
_aGCL / _cGCL |
||
| 082 | 0 | 4 |
_a967.81 _bص ز |
| 100 | 1 | _aصلاح العقاد | |
| 245 | 1 | 0 |
_aزنجبار / _cصلاح العقاد |
| 700 | 1 | _aجمال زكريا قاسم | |
| 300 | _a234 | ||
| 490 |
_aالالف كتاب _v0 |
||
| 650 | 0 | 4 | _aالتاريخ |
| 650 | 0 | 4 | _aزنجبار |
| 942 |
_2ddc _cBK |
||
| 999 |
_c43708 _d43708 |
||